Quizzes
Events
Quiz Creation
Community
Videos
Private Events
Remove Ads
Sign In
Join for FREE
Feedback
Dark Mode
Quiz Categories
Sports
Geography
Music
Movies
Television
Just For Fun
Miscellaneous
History
Literature
Language
Science
Gaming
Entertainment
Religion
Holiday
For Kids
Quiz Lab
Recent
Popular Today
Quiz Kudos Today
Editor Picks
Curator Picks
Quizzes by...
Day
Popularity
Type
Ratings
Length
Year
Community
Subscriptions
Recent Discussions
Orange Saloon
Badges
Playlists
Quests
Create
Leaderboards
Showdown
Live 5
Trivia Bingo
Activity
Puzzle Library
Sporcle Events
Private Events
Virtual Trivia
Globe League
Become a Host
Pub Owners
SporcleCon
Opinionation
Our Games
Videos
Blog
Mobile Apps
Partnerships
Remove Ads and Go Orange
Feedback
Sports
Athletes
MLB
NBA
NHL
NFL
Soccer
Sports Teams
WWE
NCAA
Football
Premier League
Basketball
Baseball
Hockey
Golf
Tennis
Cricket
Rugby
Auto Racing
Olympics
World Cup
Sports
Athletes
MLB
NBA
NHL
NFL
Soccer
Sports Teams
WWE
NCAA
Football
Premier League
Basketball
Baseball
Hockey
Golf
Tennis
Cricket
Rugby
Auto Racing
Olympics
World Cup
Random Quiz
Search Sporcle
×
Quiz Lab
Quiz Lab
Sports
Soccer
Type in answers that appear in a list
Type in answers that appear in a list
Classic
Best Score? Go Orange.
Played For Both Barcelona And Real Madrid Stats
Can you name the soccer players who has played in both Barcelona and Real Madrid?
By
s777
6m
9 Questions
18.2K Plays
18,222 Plays
18,222 Plays
Comments
Comments
Give Quiz Kudos
Give Quiz Kudos
-
- Ratings
hide this ad
Replay
Link that replays current quiz
Next Quiz
Link to next quiz in quiz playlist
You Got
0%
They Got
Avg Score
53%
Avg Friend Score
Upgrade to see
Score Distribution
Jump to the score distribution portion of the page
Score
0/9
Timer
06:00
0
Plays Today
Country
Player
% Correct
Portugal
Luís Figo
93.8%
Brazil
Ronaldo Luis Nazário de Lima
83.8%
Cameroon
Samuel Eto'o
76.1%
Denmark
Michael Laudrup
65.3%
Romania
Gheorghe Hagi
52.1%
Spain
Luis Enrique Martinez Garcia
41.3%
Argentina
Javier Saviola
34.9%
Germany
Bernd Schuster
27.3%
Spain
Albert Celades
10.1%
Quiz Playlist
Details
Report
Send in Message
Add To Playlist
Classic:
Type in answers that appear in a list
Last Updated: Feb 16, 2017
Quiz Scoreboard
CHALLENGE
Sign Up to Join the Scoreboard
Show All
Scores
Hide
Comments
May contain spoilers
Recently Published
Alphabetical 'K' Countries by Flag Minefield
by ylime102
Geography
3m
Pick 6: Fruits
by JohnFran
Miscellaneous
15s
Click the 1999 NBA Draft
by nibperrychub
Sports
2m
More to Explore
Quiz From the Vault
Featured Blog Post
15 Basketball Trivia Facts You Can Be March Mad About
hide this ad
You Might Also Like...
Tags
Country Quiz
Soccer Quiz
Barcelona
Madrid
Player
Real Madrid
Today's Top Quizzes in Sports
Browse Sports
hide this ad
Today's Top Quizzes in Soccer
Browse Soccer
Top Contributed Quizzes in Sports
1
Les joueurs à 100 buts en Ligue 1 Uber Eats
2
Pick 6: NFL Teams
3
MLB 2 truths and a lie: Hall of Fame pitchers
4
Criteria MLB: Left Handed Sluggers
5
2022 World Cup Stars
6
Don't Strike Out: 3000 Strikeouts
7
Millionaire: NBA Finals Edition
8
Pick 6: Minor League Baseball
9
Click the 1998 NBA Draft
10
Pick 6: Olympics
Explore More
Trending Topics
Marvel
Disney
Harry Potter
Anime
Kpop
NBA
Crossword
Soccer
Puzzle
The Office
Country
NFL
Pokémon
WWE
Song
hide this ad
More By:
s777
Quiz
Plays
Rating
Category
Featured
Created
Played For Both Barcelona And Real Madrid
18,222
3.65
Sports
Oct 4, 2009
Most Winning Teams in Champions League
2,725
3.50
Sports
Nov 7, 2009
Name The Band!
2,603
2.28
Music
Oct 1, 2009
Danish Words
1,634
3.10
Language
Oct 1, 2009
Rewrite In A Minute
1,158
1.95
Just For Fun
Oct 9, 2009
Go to Creator's Profile
Score Distribution
Quiz Creator Spotlight
s777
Follow
Send a Message
Quizzes Created
-
Created Quiz Play Count
-
More By This Creator
Popular Quizzes Today
1
Countries of Asia Without Outlines Minefield
2
Find the US States - No Outlines Minefield
3
Pick 6: Fruits
4
Alphabetical 'K' Countries by Flag Minefield
5
The Countries of the World
6
Find the US States
7
US States
8
Match the Book to the Film X
More Sports Quizzes
NFL: Almost Back-to-Back Super Bowl Wins
Published
Trending Quizzes
Pick 6: Mountains
Pick 6: Harry Potter
Pick 6: NFL Teams
Pick 6: Movie Franchises
Pick 6: Golfers
Recently Updated
NWSL Teams
pecheneg
Women's Final Four Teams by Year
bhenderson79
Presidents Quartet II
eogle
Anything But Clue(do)
eogle
Anything But Oceanian Capitals
eogle
Anything But 7
eogle
Anything But Thing
eogle
Word Ladder: February 29
pecheneg
Song Title Questions
pecheneg
Women's NCAA Tournament #1 Seeds
pecheneg
Trending Topics
Crossword
Harry Potter
Kpop
Disney
Anime
NBA
Marvel
Soccer
The Office
NFL
Country
Pokémon
WWE
Puzzle
Song
Your Account Isn't Verified!
In order to create a playlist on Sporcle, you need to verify the email address you used during registration. Go to your
Sporcle Settings
to finish the process.
Report this User
Report this user for behavior that violates our
Community Guidelines
.
Details:
Send Report
Go to the Sporcle.com Mobile Site →
Comments